000 01027nam a22002177a 4500
003 OSt
005 20260312031913.0
008 260312b |||||||| |||| 00| 0 eng d
020 _a81-7862-067-7
040 _aDWCL GS lib
_cOC
082 _aK57s 2002
100 _aKIPLING, RUDYARD
245 _aStories from the jungle book
_cRUDYARD KIPLING
260 _aNew Delhi
_bSterling Press Private Limited
_c2002
300 _a80 p
_b22 cm
520 _a Guided by Baloo the bear and Bagheera the panther, Mowgli learns "the law of the jungle", battles the tiger Shere Khan, and eventually navigates between animal and human worlds.
650 _a Mowgli, a human "man-cub" raised by wolves in the Seoni region of India. The narratives follow his journey from abandonment to becoming a respected
650 _a strength lies in community, loyalty, and respecting natural laws, while emphasizing the importance of courage, self-reliance, and embracing one's unique identity.
700 _aRUDYARD KIPLING
942 _2ddc
_cFIC.
_n0
999 _c9005
_d9005